[Event "Pere Noel U1400"]
[Site "Montreal CAN"]
[Date "2023.12.28"]
[Round "2.48"]
[White "Chira, Dan"]
[Black "Wu, Kenny"]
[Result "0-1"]
[WhiteElo "1336"]
[BlackElo "1122"]
[PlyCount "88"]
[EventDate "2023.12.27"]
[EventType "swiss"]
[EventRounds "5"]
[EventCountry "CAN"]

1. d4 d5 2. Nf3 Nf6 3. Bf4 c5 4. e3 e6 5. Nc3 a6 6. a3 Nc6 7. Be2 Bd6 8. Ne5
cxd4 9. exd4 Qb6 10. Nxc6 Bxf4 11. Ne5 Bxe5 12. dxe5 Nd7 13. f4 Nc5 14. b4 Nd7
15. Qd2 a5 16. Na4 Qc6 17. b5 Qc7 18. Rb1 Nb6 19. Qc3 Qxc3+ 20. Nxc3 Bd7 21.
Kd2 Rc8 22. Rb3 Nc4+ 23. Bxc4 Rxc4 24. Rf1 Ke7 25. a4 d4 26. Ne4 Rxa4 27. Nd6
b6 28. g3 Rf8 29. Re1 f6 30. Re2 fxe5 31. fxe5 Ra1 32. c3 Ra2+ 33. Ke1 Ra1+ 34.
Kd2 Rf3 35. Ne4 dxc3+ 36. Nxc3 a4 37. Rb4 a3 38. Kc2 Be8 39. Rb3 Bg6+ 40. Kd2
Ra2+ 41. Ke1 Ra1+ 42. Kd2 Rd3+ 43. Kc2 Rdd1+ 44. Ne4 Rac1# 0-1

[Event "Pere Noel U1400"]
[Site "Montreal CAN"]
[Date "2023.12.28"]
[Round "2.49"]
[White "Sonko, Stephane"]
[Black "Yavorskyi, Yevhen"]
[Result "1/2-1/2"]
[WhiteElo "1160"]
[BlackElo "1327"]
[PlyCount "119"]
[EventDate "2023.12.27"]
[EventType "swiss"]
[EventRounds "5"]
[EventCountry "CAN"]

1. e4 c5 2. Nf3 d6 3. d4 cxd4 4. Nxd4 Nf6 5. Nc3 g6 6. Be3 Bg7 7. f3 O-O 8. Qd2
Nc6 9. O-O-O d5 10. Nxc6 bxc6 11. exd5 Nxd5 12. Nxd5 cxd5 13. Qxd5 Qc7 14. Qxa8
Bf5 15. Qxf8+ Kxf8 16. Bd3 Qe5 17. Kd2 Bxd3 18. Kxd3 Qxb2 19. Ke2 Qxc2+ 20. Rd2
Qc4+ 21. Kf2 Kg8 22. Rc1 Qh4+ 23. Kg1 Bc3 24. g3 Qb4 25. Rd8+ Kg7 26. Rxc3 Qa5
27. Rdd3 Qxa2 28. Ra3 Qb1+ 29. Kg2 a6 30. Rd2 Qc1 31. Rxa6 Qe1 32. Ra3 Qc1 33.
Raa2 Qc4 34. Re2 Qd5 35. Rad2 Qb5 36. Bd4+ Kf8 37. Bb2 f6 38. Ba3 Qa5 39. Bxe7+
Kg7 40. Rd6 f5 41. Bg5 h6 42. Re7+ Kf8 43. Rde6 hxg5 44. Re2 Qb5 45. R7e5 Qc4
46. h3 Kf7 47. g4 Kf6 48. Re8 Kf7 49. Kg3 Qa4 50. Kg2 Qc4 51. Kf2 Qd5 52. R2e5
Qd2+ 53. Re2 Qd4+ 54. Kg2 Qc4 55. R8e6 Qxe6 56. Rxe6 Kxe6 57. gxf5+ gxf5 58.
Kg3 Ke5 59. Kf2 Kf4 60. Kg2 1/2-1/2

[Event "Pere Noel U1400"]
[Site "Montreal CAN"]
[Date "2023.12.28"]
[Round "2.50"]
[White "Memon, Aayan"]
[Black "Ferjani, Wael"]
[Result "0-1"]
[WhiteElo "1135"]
[BlackElo "1300"]
[PlyCount "74"]
[EventDate "2023.12.27"]
[EventType "swiss"]
[EventRounds "5"]
[EventCountry "CAN"]

1. d4 d5 2. e3 a6 3. Bd3 Nf6 4. Nd2 Nc6 5. h3 Bd7 6. f4 e6 7. Ngf3 h6 8. c3 Be7
9. Ne5 Bd6 10. O-O Qe7 11. a3 Rg8 12. Qf3 O-O-O 13. Qe2 Nb8 14. Ndf3 Nh5 15.
Kh2 Be8 16. Bd2 g5 17. g4 Ng7 18. Bc2 h5 19. Qg2 f6 20. Nd3 hxg4 21. Qxg4 Bh5
22. Qg2 Nf5 23. Nf2 gxf4 24. Ng4 fxe3+ 25. Kg1 exd2 26. Qxd2 Bxg4 27. hxg4
Rxg4+ 28. Kf2 Rdg8 29. Ke1 Rg2 30. Qd3 R8g3 31. Rf2 Rxf2 32. Kxf2 Nc6 33. Rh1
Qg7 34. Qf1 Nce7 35. Ba4 c6 36. Nh4 Qg5 37. Nf3 Qe3# 0-1

[Event "Pere Noel U1400"]
[Site "Montreal CAN"]
[Date "2023.12.28"]
[Round "2.57"]
[White "Hrivnak, Peter"]
[Black "Rauch, Magnus"]
[Result "0-1"]
[WhiteElo "1309"]
[BlackElo "1153"]
[PlyCount "58"]
[EventDate "2023.12.27"]
[EventType "swiss"]
[EventRounds "5"]
[EventCountry "CAN"]

1. Nf3 d5 2. g3 Nf6 3. Bg2 Nc6 4. d4 Bf5 5. O-O e6 6. c4 Be7 7. c5 O-O 8. Nc3
a6 9. a3 b5 10. cxb6 cxb6 11. Bf4 Nh5 12. Bd2 b5 13. b4 Qb6 14. Ne5 Nf6 15.
Nxc6 Qxc6 16. Rc1 Qb6 17. Be3 Rac8 18. f3 Rc4 19. Qd2 Rfc8 20. h4 h5 21. Bf2 a5
22. e4 axb4 23. Nxd5 exd5 24. exf5 bxa3 25. Rxc4 Rxc4 26. Rd1 b4 27. Bf1 Rc3
28. Kg2 Qc7 29. Be1 Rc2 0-1

[Event "Pere Noel U1400"]
[Site "Montreal CAN"]
[Date "2023.12.28"]
[Round "2.58"]
[White "Hasbun, Merick"]
[Black "Wu, Yan-Lin"]
[Result "1-0"]
[WhiteElo "1289"]
[BlackElo "1147"]
[PlyCount "97"]
[EventDate "2023.12.27"]
[EventType "swiss"]
[EventRounds "5"]
[EventCountry "CAN"]

1. e4 e5 2. Nc3 Nf6 3. f4 d6 4. Nf3 exf4 5. d4 Be7 6. Bxf4 O-O 7. Bc4 Nbd7 8.
O-O Nb6 9. Bb3 Bg4 10. h3 Bh5 11. Qe1 a5 12. e5 dxe5 13. dxe5 Bc5+ 14. Kh1 Bxf3
15. Rxf3 Nh5 16. a4 Re8 17. Be3 Rxe5 18. Bxf7+ Kh8 19. Qf2 Bxe3 20. Rxe3 Rxe3
21. Qxe3 Nf6 22. Rd1 Qf8 23. Bb3 Re8 24. Qg5 Qb4 25. Qb5 c6 26. Qg5 Nbd7 27.
Qf5 Qc5 28. Be6 Qxf5 29. Bxf5 Nb6 30. b3 Kg8 31. Kg1 Kf7 32. Kf2 g6 33. Bd3
Nbd5 34. Nxd5 Nxd5 35. Bc4 Re5 36. Bxd5+ Rxd5 37. Rxd5 cxd5 38. Ke3 Ke6 39. Kd4
b6 40. c3 Kd6 41. b4 h6 42. g3 h5 43. h4 Ke6 44. bxa5 bxa5 45. Kc5 Ke5 46. Kb5
Kd6 47. Kb6 Kd7 48. Kxa5 Kc6 49. Kb4 1-0

[Event "Pere Noel U1400"]
[Site "Montreal CAN"]
[Date "2023.12.28"]
[Round "2.59"]
[White "Beaulieu, Etienne"]
[Black "Adam, Gabriel"]
[Result "0-1"]
[WhiteElo "1276"]
[BlackElo "1059"]
[PlyCount "64"]
[EventDate "2023.12.27"]
[EventType "swiss"]
[EventRounds "5"]
[EventCountry "CAN"]

1. c4 e5 2. g3 d5 3. Bg2 Nf6 4. e3 dxc4 5. Qa4+ Bd7 6. Qxc4 Nc6 7. Ne2 g6 8. h3
Bg7 9. O-O O-O 10. Qb3 Rb8 11. Nbc3 Na5 12. Qc2 h6 13. d4 exd4 14. Nxd4 Nh7 15.
Rd1 Qc8 16. h4 Bh3 17. Bd2 Bxg2 18. Kxg2 b6 19. Ncb5 c5 20. Nf3 Qa6 21. Nc7 Qb7
22. Nd5 Nc6 23. e4 Rbc8 24. Bc3 Bxc3 25. Qxc3 Rcd8 26. Nd2 Nd4 27. Re1 Nb5 28.
Qf3 Nd4 29. Qc3 Rd6 30. Nc4 Rxd5 31. exd5 Qxd5+ 32. Kf1 Qh1# 0-1

[Event "Pere Noel U1400"]
[Site "Montreal CAN"]
[Date "2023.12.28"]
[Round "2.60"]
[White "Pelletier-Thibault, Benoit"]
[Black "Campos, Jorge"]
[Result "0-1"]
[WhiteElo "1263"]
[BlackElo "1044"]
[PlyCount "66"]
[EventDate "2023.12.27"]
[EventType "swiss"]
[EventRounds "5"]
[EventCountry "CAN"]

1. e4 c5 2. Nf3 d6 3. d4 cxd4 4. Nxd4 Nf6 5. Nc3 Nc6 6. Nf3 g6 7. Bd3 Bg7 8.
Bd2 O-O 9. a3 Ng4 10. h3 Nge5 11. Nxe5 Nxe5 12. Be2 a6 13. O-O b5 14. f4 Nc4
15. Bxc4 bxc4 16. Qe2 Qb6+ 17. Kh2 Qxb2 18. Ra2 Qb7 19. Qxc4 Be6 20. Nd5 Rac8
21. Qb3 Bxd5 22. exd5 Qxb3 23. cxb3 Rc5 24. Rc1 Rfc8 25. Rxc5 Rxc5 26. Bb4 Rxd5
27. Rc2 f5 28. Rc8+ Kf7 29. Ra8 Rd3 30. Rxa6 Rxb3 31. Ra7 Ke6 32. Kh1 Bf6 33.
Kg1 Bd4+ 0-1

[Event "Pere Noel U1400"]
[Site "Montreal CAN"]
[Date "2023.12.28"]
[Round "2.61"]
[White "Pepin, Pierre-Luc"]
[Black "Loevenich, Anna"]
[Result "0-1"]
[WhiteElo "1217"]
[BlackElo "1002"]
[PlyCount "108"]
[EventDate "2023.12.27"]
[EventType "swiss"]
[EventRounds "5"]
[EventCountry "CAN"]

1. e4 e6 2. d4 d5 3. e5 c5 4. c3 Qb6 5. Nf3 Nc6 6. Qa4 Bd7 7. Qb5 Qc7 8. Qe2
cxd4 9. c4 Qa5+ 10. Kd1 a6 11. cxd5 Qxd5 12. Qc4 Qxc4 13. Bxc4 b5 14. Bd3 Bc5
15. Nbd2 Nb4 16. Be4 Bc6 17. Bxc6+ Nxc6 18. Ne4 Bb6 19. b3 d3 20. Nd6+ Kf8 21.
Ne4 Nge7 22. a4 b4 23. Ned2 Bxf2 24. Rf1 Bd4 25. Nxd4 Nxd4 26. Rf4 Nc2 27. Ra2
Ne3+ 28. Ke1 Nxg2+ 29. Kf2 Nxf4 30. Ke3 Ned5+ 31. Kf2 Rc8 32. Nc4 Rc6 33. Bxf4
Nxf4 34. Ke3 Nd5+ 35. Kxd3 Ke7 36. Rc2 Nc3 37. Nd6 f6 38. Nc4 Rd8+ 39. Ke3 fxe5
40. Nxe5 Rcd6 41. Kf4 Kf6 42. Nc4 Rd4+ 43. Ke3 Rd3+ 44. Kf2 R8d4 45. Rb2 Nd1+
46. Ke2 Nxb2 47. Nxb2 Rxb3 48. Nd1 Re4+ 49. Kd2 Rd4+ 50. Kc2 Rh3 51. Nb2 b3+
52. Kc1 Rxh2 53. Nd1 Rc2+ 54. Kb1 Rxd1# 0-1

[Event "Pere Noel U1400"]
[Site "Montreal CAN"]
[Date "2023.12.28"]
[Round "2.62"]
[White "Khabatou, Mohamed"]
[Black "Morin, Vincent"]
[Result "0-1"]
[WhiteElo "891"]
[BlackElo "1226"]
[PlyCount "102"]
[EventDate "2023.12.27"]
[EventType "swiss"]
[EventRounds "5"]
[EventCountry "CAN"]

1. d4 d5 2. c4 Bf5 3. Nc3 e6 4. a3 a6 5. Nf3 h6 6. Bf4 dxc4 7. h3 Nf6 8. e3 b5
9. Be2 Bd6 10. Ne5 Ne4 11. Bf3 Nxc3 12. bxc3 Ra7 13. e4 Bh7 14. Qc1 f6 15. Bh5+
Ke7 16. Ng6+ Bxg6 17. Bxg6 c6 18. e5 fxe5 19. dxe5 Bc5 20. O-O Qb6 21. Ra2 Kd8
22. Rd2+ Kc8 23. Bh5 g5 24. Bg3 Kb7 25. Qd1 Bxa3 26. Qf3 Rf8 27. Qg4 Ka8 28.
Qxe6 b4 29. cxb4 c3 30. Rc2 Qxb4 31. Bf3 Rc7 32. Qg6 Kb7 33. e6 Re7 34. Qxh6
Rg8 35. Qf6 Qb3 36. Be4 Rxe6 37. Rxc3 Qc4 38. Rxc4 Rxf6 39. Rb1+ Ka7 40. Rxb8
Rxb8 41. Bxb8+ Kxb8 42. Bxc6 Kc7 43. Bf3+ Kb6 44. Ra4 Bc5 45. Rg4 Rf5 46. h4
gxh4 47. Rxh4 a5 48. Rh3 a4 49. g4 a3 50. Rh6+ Ka5 51. Ra6+ Kxa6 0-1

[Event "Pere Noel U1400"]
[Site "Montreal CAN"]
[Date "2023.12.28"]
[Round "2.64"]
[White "Faucher, Jules"]
[Black "Wang, Adam"]
[Result "1-0"]
[WhiteElo "1188"]
[BlackElo "887"]
[PlyCount "139"]
[EventDate "2023.12.27"]
[EventType "swiss"]
[EventRounds "5"]
[EventCountry "CAN"]

1. d4 d5 2. Nf3 Nc6 3. e3 a6 4. Bd3 Nf6 5. c3 g6 6. Nbd2 Bg7 7. O-O O-O 8. h3
e6 9. e4 Re8 10. e5 Nd7 11. Re1 b5 12. Nf1 Nf8 13. Ng3 Bb7 14. h4 h5 15. Bg5
Ne7 16. a4 c6 17. b3 Qd7 18. Qe2 Rad8 19. Rec1 Qc8 20. axb5 cxb5 21. c4 Bc6 22.
cxb5 axb5 23. Bxb5 Qb7 24. Bxc6 Nxc6 25. Bxd8 Rxd8 26. Qa6 Qxa6 27. Rxa6 Nb4
28. Rb6 Nd3 29. Rc3 Nb2 30. Nd2 Nd7 31. Ra6 Bh6 32. Rc2 Nd3 33. Ra4 Nb6 34. Ra7
Nc8 35. Ra8 Bxd2 36. Rxd2 Nb4 37. Rd1 Rf8 38. Rc1 Nb6 39. Ra5 Nd3 40. Rc6 Nd7
41. Rc7 Nb6 42. Ra6 Na8 43. Rca7 Nb4 44. Ra4 Rb8 45. Rxa8 Rxa8 46. Rxa8+ Kg7
47. Rb8 Nc6 48. Rc8 Nxd4 49. b4 f6 50. f4 fxe5 51. fxe5 Nb5 52. Rb8 Na3 53. b5
Nxb5 54. Rxb5 d4 55. Kf2 Kh6 56. Ne4 Kh7 57. Kf3 Kg7 58. Nd6 Kf8 59. Rb7 Kg8
60. Rf7 Kh8 61. Ke4 d3 62. Kxd3 Kg8 63. Ke4 Kh8 64. Kf4 Kg8 65. Kg5 Kh8 66.
Kxg6 Kg8 67. Kg5 Kh8 68. Ne8 Kg8 69. Nf6+ Kh8 70. Rh7# 1-0

[Event "Pere Noel U1400"]
[Site "Montreal CAN"]
[Date "2023.12.28"]
[Round "2.66"]
[White "Zhang, Anyu"]
[Black "Alhamed, Hamed"]
[Result "0-1"]
[WhiteElo "1110"]
[BlackElo "1128"]
[PlyCount "136"]
[EventDate "2023.12.27"]
[EventType "swiss"]
[EventRounds "5"]
[EventCountry "CAN"]

1. e4 c5 2. Nf3 Nc6 3. d4 cxd4 4. Nxd4 g6 5. Nc3 Bg7 6. Be3 Nf6 7. f3 O-O 8.
Bc4 Qb6 9. Bb3 Nxe4 10. Nxe4 Nxd4 11. c3 Nc2+ 12. Qxc2 Qxe3+ 13. Qe2 Qb6 14. c4
d6 15. Rc1 Bf5 16. c5 Qb4+ 17. Qd2 Qxd2+ 18. Nxd2 Rac8 19. O-O Bxb2 20. Rcd1
Bd4+ 21. Kh1 Bxc5 22. Nc4 Be6 23. Rfe1 Bxc4 24. Bxc4 Rfe8 25. Bb5 Rf8 26. Rxe7
a6 27. Ba4 b5 28. Bb3 a5 29. Rb7 Rb8 30. Rxb8 Rxb8 31. Bd5 b4 32. h3 Re8 33.
Bb3 Re2 34. Bc4 Re3 35. Bb3 Kg7 36. Kh2 Kf6 37. Bc4 Ke7 38. Bb3 f5 39. h4 Kf6
40. Bc4 h6 41. Rd3 f4 42. Rxe3 fxe3 43. Be2 d5 44. Kg1 g5 45. h5 Kf5 46. g4+
Ke5 47. Kf1 Kd4 48. Ke1 Kc3 49. f4 gxf4 50. Bd1 Be7 51. Bb3 d4 52. g5 Bxg5 53.
Kd1 f3 54. Ke1 Kb2 55. Bd1 f2+ 56. Ke2 Kxa2 57. Bb3+ Kxb3 58. Kf1 a4 59. Ke2 a3
60. Kf1 a2 61. Ke2 a1=Q 62. Kf3 f1=R+ 63. Ke4 Qa8+ 64. Kd3 Qa6+ 65. Ke4 Qe6+
66. Kd3 Qf5+ 67. Ke2 Rf2+ 68. Ke1 Qb1# 0-1

[Event "Pere Noel U1400"]
[Site "Montreal CAN"]
[Date "2023.12.29"]
[Round "3.49"]
[White "Xu, Xin Tian"]
[Black "Chen, Yuxuan"]
[Result "0-1"]
[WhiteElo "1176"]
[BlackElo "1258"]
[PlyCount "42"]
[EventDate "2023.12.27"]
[EventType "swiss"]
[EventRounds "5"]
[EventCountry "CAN"]

1. e4 e5 2. Nf3 Nc6 3. Bc4 Bc5 4. b4 Bxb4 5. c3 Ba5 6. d4 exd4 7. O-O Nf6 8.
Qb3 O-O 9. Bg5 Bxc3 10. Nxc3 dxc3 11. e5 Na5 12. Qxc3 Ne4 13. Qxa5 Nxg5 14. Nd2
b6 15. Qc3 d5 16. exd6 Qxd6 17. Rfe1 Be6 18. Ne4 Nxe4 19. Rxe4 Bxc4 20. Rxc4
Rad8 21. Rd4 Qxd4 0-1

[Event "Pere Noel U1400"]
[Site "Montreal CAN"]
[Date "2023.12.29"]
[Round "3.50"]
[White "Wu, Kenny"]
[Black "Arcand, Pierre"]
[Result "1-0"]
[WhiteElo "1122"]
[BlackElo "1180"]
[PlyCount "61"]
[EventDate "2023.12.27"]
[EventType "swiss"]
[EventRounds "5"]
[EventCountry "CAN"]

1. e4 e5 2. Nf3 Nc6 3. d4 exd4 4. Nxd4 Nxd4 5. Qxd4 d6 6. Nc3 c5 7. Qd1 Be7 8.
Bf4 Nf6 9. Qd2 O-O 10. O-O-O Bg4 11. f3 Be6 12. Bxd6 Bxd6 13. Qxd6 Qa5 14. a3
Rfd8 15. Qf4 Rxd1+ 16. Nxd1 Rd8 17. Nc3 Ba2 18. Bd3 c4 19. Be2 Bb3 20. cxb3
cxb3 21. Rd1 Rc8 22. Qd2 h6 23. Kb1 b6 24. Nd5 Nxd5 25. Qxa5 bxa5 26. exd5 Rc2
27. d6 Rc8 28. Bc4 a4 29. d7 Rxc4 30. d8=Q+ Kh7 31. Qd3+ 1-0

[Event "Pere Noel U1400"]
[Site "Montreal CAN"]
[Date "2023.12.29"]
[Round "3.52"]
[White "Alhamed, Hamed"]
[Black "Chira, Dan"]
[Result "0-1"]
[WhiteElo "1128"]
[BlackElo "1336"]
[PlyCount "49"]
[EventDate "2023.12.27"]
[EventType "swiss"]
[EventRounds "5"]
[EventCountry "CAN"]

1. d4 Nf6 2. c4 d6 3. Nc3 c6 4. e4 Qa5 5. Bd3 g6 6. Nge2 Bg7 7. f3 O-O 8. O-O
e5 9. d5 Bd7 10. Be3 Na6 11. Qd2 cxd5 12. cxd5 Nc5 13. Bc2 a6 14. Bh6 Qb6 15.
Bxg7 Nfxe4 16. Kh1 Nxd2 17. Bf6 Nxf1 18. Rxf1 Bb5 19. f4 Bxe2 20. Nxe2 Qxb2 21.
Bd3 Qd2 22. Bc4 b5 23. f5 bxc4 24. Ng3 c3 25. fxg6 0-1

[Event "Pere Noel U1400"]
[Site "Montreal CAN"]
[Date "2023.12.29"]
[Round "3.53"]
[White "Adam, Gabriel"]
[Black "Hasbun, Merick"]
[Result "1-0"]
[WhiteElo "1059"]
[BlackElo "1289"]
[PlyCount "31"]
[EventDate "2023.12.27"]
[EventType "swiss"]
[EventRounds "5"]
[EventCountry "CAN"]

1. e4 c6 2. d4 d5 3. exd5 cxd5 4. Nf3 Bg4 5. h3 Bxf3 6. Qxf3 e6 7. Nc3 Nf6 8.
Bf4 Nc6 9. Nb5 Rc8 10. O-O-O a6 11. Nc3 b5 12. a4 Qb6 13. axb5 Nxd4 14. Qe3 Bc5
15. Na4 Qc7 16. Bxc7 1-0

[Event "Pere Noel U1400"]
[Site "Montreal CAN"]
[Date "2023.12.29"]
[Round "3.54"]
[White "Campos, Jorge"]
[Black "El-Bechara, Gabriel-Mourant"]
[Result "1-0"]
[WhiteElo "1044"]
[BlackElo "1274"]
[PlyCount "87"]
[EventDate "2023.12.27"]
[EventType "swiss"]
[EventRounds "5"]
[EventCountry "CAN"]

1. d4 d5 2. c4 e6 3. Nc3 Nf6 4. Bg5 Be7 5. Nf3 O-O 6. e3 h6 7. Bh4 b6 8. Rc1
Bb7 9. Bg3 Nbd7 10. cxd5 exd5 11. Be2 Bb4 12. O-O Bxc3 13. bxc3 c5 14. c4 Rc8
15. h3 dxc4 16. Bxc4 Ne4 17. Bf4 Ndf6 18. Ne5 Nd5 19. Bh2 Ndc3 20. Qd3 Bd5 21.
Bxd5 Qxd5 22. Rxc3 Nxc3 23. Qxc3 Qxa2 24. Qc4 Qa3 25. d5 Qb4 26. Qxb4 cxb4 27.
Nc6 b3 28. Ne7+ Kh7 29. Nxc8 Rxc8 30. Be5 a5 31. d6 Rd8 32. Rd1 Rd7 33. Rc1 f6
34. Bd4 Rxd6 35. Rb1 a4 36. Kf1 b5 37. Ke2 g5 38. g3 Kg6 39. Kd3 Rc6 40. Ke2
Rc2+ 41. Kd3 b4 42. f4 a3 43. Rxb3 Rg2 44. g4 1-0

[Event "Pere Noel U1400"]
[Site "Montreal CAN"]
[Date "2023.12.29"]
[Round "3.55"]
[White "Loevenich, Anna"]
[Black "Sonko, Stephane"]
[Result "0-1"]
[WhiteElo "1002"]
[BlackElo "1160"]
[PlyCount "54"]
[EventDate "2023.12.27"]
[EventType "swiss"]
[EventRounds "5"]
[EventCountry "CAN"]

1. d4 e6 2. Bf4 f5 3. e3 Nf6 4. Nf3 g6 5. h3 d6 6. Nbd2 Bg7 7. Bd3 O-O 8. c3 b6
9. Qb3 Qe7 10. O-O-O Kh8 11. Rde1 Bb7 12. Bc4 Ne4 13. Nxe4 fxe4 14. Nd2 d5 15.
Be2 Nd7 16. f3 exf3 17. Bxf3 a5 18. Bxc7 a4 19. Qb5 Rfc8 20. Bxb6 Ba6 21. Qxa4
Nxb6 22. Qc2 Bc4 23. Nxc4 Nxc4 24. Be2 Nxe3 25. Qd3 Bh6 26. Kb1 Rcb8 27. g3 Qa3
0-1

[Event "Pere Noel U1400"]
[Site "Montreal CAN"]
[Date "2023.12.29"]
[Round "3.58"]
[White "Diraddo, Daniel"]
[Black "Deng, Vincent"]
[Result "1-0"]
[WhiteElo "1259"]
[BlackElo "1092"]
[PlyCount "163"]
[EventDate "2023.12.27"]
[EventType "swiss"]
[EventRounds "5"]
[EventCountry "CAN"]

1. e4 e5 2. Nf3 Nc6 3. Bc4 Nf6 4. Nc3 Nxe4 5. O-O Nxc3 6. dxc3 Bc5 7. Qd5 Qe7
8. Re1 d6 9. Ng5 O-O 10. b4 Bb6 11. a4 a6 12. Bd3 h6 13. Nf3 Be6 14. Qe4 f5 15.
Qh4 e4 16. Qxe7 Nxe7 17. Nh4 d5 18. Bf1 f4 19. Nf3 Rae8 20. Nd4 Bd7 21. b5 axb5
22. axb5 c5 23. Nb3 Ng6 24. c4 d4 25. Na5 Ra8 26. Nb3 Rxa1 27. Nxa1 e3 28. f3
Nh4 29. Re2 Rf6 30. c3 Rg6 31. Kh1 Nf5 32. Ra2 Rg5 33. cxd4 cxd4 34. Bd3 Bc5
35. Nb3 Bb6 36. c5 Rh5 37. Bxf5 Rxf5 38. cxb6 Be6 39. Nxd4 Rc5 40. Rc2 Rd5 41.
Bb2 Bf5 42. Rc1 Re5 43. Kg1 Bd3 44. Bc3 Bxb5 45. Nxb5 Rxb5 46. Bd4 Rd5 47. Rc4
Rb5 48. Rc1 Rd5 49. Rd1 e2 50. Re1 Rxd4 51. Rxe2 Rb4 52. Re6 Kf7 53. Rd6 Rb5
54. Rd7+ Ke6 55. Rxb7 Kd6 56. Rxg7 Rxb6 57. Rg6+ Kc7 58. Rxb6 Kxb6 59. g4 fxg3
60. hxg3 Kc6 61. Kf2 Kd6 62. Ke3 Ke5 63. g4 Kf6 64. Kf4 Ke6 65. Kg3 Kf6 66. f4
Ke6 67. Kh4 Kf6 68. Kh5 Kg7 69. f5 Kh7 70. f6 Kh8 71. Kxh6 Kg8 72. g5 Kh8 73.
g6 Kg8 74. f7+ Kf8 75. Kh7 Ke7 76. Kg8 Kf6 77. g7 Kg6 78. f8=Q Kh6 79. Kf7 Kh5
80. g8=Q Kh4 81. Qg1 Kh5 82. Qh8# 1-0

[Event "Pere Noel U1400"]
[Site "Montreal CAN"]
[Date "2023.12.29"]
[Round "3.59"]
[White "Morin, Vincent"]
[Black "Hammoud, Bassel"]
[Result "1-0"]
[WhiteElo "1226"]
[BlackElo "1071"]
[PlyCount "47"]
[EventDate "2023.12.27"]
[EventType "swiss"]
[EventRounds "5"]
[EventCountry "CAN"]

1. f4 d5 2. Nf3 Nf6 3. e3 Nc6 4. d4 Bf5 5. Be2 Nb4 6. Bb5+ c6 7. Ba4 b5 8. Bb3
a5 9. a3 Na6 10. Ne5 a4 11. Ba2 Qc7 12. O-O c5 13. c3 c4 14. Nd2 e6 15. Ndf3
Bd6 16. Bd2 Bxe5 17. Nxe5 O-O 18. Be1 Be4 19. Bh4 Bd3 20. Bxf6 Bxf1 21. Qg4 g6
22. Qg5 Rfd8 23. Qh6 Qe7 24. Qg7# 1-0

[Event "Pere Noel U1400"]
[Site "Montreal CAN"]
[Date "2023.12.29"]
[Round "3.61"]
[White "Poirier-Champagne, Samuel"]
[Black "Chelkowski, Jan"]
[Result "0-1"]
[WhiteElo "1187"]
[BlackElo "1028"]
[PlyCount "62"]
[EventDate "2023.12.27"]
[EventType "swiss"]
[EventRounds "5"]
[EventCountry "CAN"]

1. c4 e6 2. Nc3 Bc5 3. e3 b6 4. d4 Bd6 5. Qf3 c6 6. Bd3 Qf6 7. Ne4 Bb4+ 8. Bd2
Bxd2+ 9. Kxd2 Qe7 10. Qg3 Qb4+ 11. Kc2 g6 12. Nd6+ Kf8 13. Qf4 f5 14. Nxc8 Na6
15. Nd6 Qa4+ 16. b3 Nb4+ 17. Kc3 Qa5 18. Qf3 Nxd3+ 19. Kxd3 e5 20. dxe5 Qxe5
21. Qf4 Qxa1 22. Qf3 Qb1+ 23. Kc3 Nf6 24. g4 Qc1+ 25. Kb4 c5+ 26. Ka4 Rb8 27.
Ne2 Qd2 28. Ka3 Qxd6 29. Nc1 b5 30. Qe2 b4+ 31. Kb2 Qe5+ 0-1

[Event "Pere Noel U1400"]
[Site "Montreal CAN"]
[Date "2023.12.29"]
[Round "3.65"]
[White "Xu, David"]
[Black "Hrivnak, Peter"]
[Result "1/2-1/2"]
[WhiteElo "1215"]
[BlackElo "1309"]
[PlyCount "86"]
[EventDate "2023.12.27"]
[EventType "swiss"]
[EventRounds "5"]
[EventCountry "CAN"]

1. e4 d6 2. d4 Nf6 3. Nc3 g6 4. Be3 h6 5. f3 Bg7 6. Qd2 Nc6 7. d5 Ne5 8. O-O-O
c6 9. g4 cxd5 10. exd5 a6 11. Be2 b5 12. a3 Qa5 13. Kb1 Rb8 14. Na2 Qxd2 15.
Rxd2 Nc4 16. Bxc4 bxc4 17. Bd4 O-O 18. Nc3 Bd7 19. Nge2 Rb7 20. Ka1 Rfb8 21.
Rb1 Ne8 22. Bxg7 Kxg7 23. Rd4 Rc8 24. Nd1 e5 25. dxe6 Bxe6 26. Ne3 g5 27. b3
Rd7 28. Rbd1 Kf8 29. Nc3 Rb7 30. Rb1 Rc6 31. Rbd1 Ke7 32. Re4 Kd7 33. Red4 Nc7
34. a4 Rb8 35. Ne4 d5 36. Nc3 Ke7 37. Nexd5+ Nxd5 38. Nxd5+ Bxd5 39. Rxd5 Ke6
40. Rf5 Rb7 41. c3 f6 42. Rh1 Rd6 43. Re1+ Kf7 1/2-1/2

[Event "Pere Noel U1400"]
[Site "Montreal CAN"]
[Date "2023.12.29"]
[Round "3.66"]
[White "Wu, Yan-Lin"]
[Black "Beaulieu, Etienne"]
[Result "0-1"]
[WhiteElo "1147"]
[BlackElo "1276"]
[PlyCount "57"]
[EventDate "2023.12.27"]
[EventType "swiss"]
[EventRounds "5"]
[EventCountry "CAN"]

1. d4 d5 2. c4 c6 3. Nd2 Nf6 4. Ngf3 Bf5 5. e3 e6 6. Qb3 Qb6 7. Nh4 Nbd7 8.
Nxf5 exf5 9. Bd3 g6 10. O-O Be7 11. Qxb6 Nxb6 12. c5 Nbd7 13. f3 b6 14. b4 a5
15. cxb6 Nxb6 16. b5 c5 17. dxc5 Bxc5 18. Nb3 Bb4 19. Bb2 Be7 20. a4 O-O 21.
Bd4 Nbd7 22. Bc3 Nc5 23. Nxc5 Bxc5 24. Bd4 Rfc8 25. Bxc5 Rxc5 26. e4 fxe4 27.
fxe4 dxe4 28. Bxe4 Re8 29. Bc6 {illegal} 0-1

[Event "Pere Noel U1400"]
[Site "Montreal CAN"]
[Date "2023.12.29"]
[Round "3.68"]
[White "Wang, Adam"]
[Black "Pepin, Pierre-Luc"]
[Result "0-1"]
[WhiteElo "887"]
[BlackElo "1217"]
[PlyCount "84"]
[EventDate "2023.12.27"]
[EventType "swiss"]
[EventRounds "5"]
[EventCountry "CAN"]

1. e4 e6 2. d4 d5 3. e5 c5 4. c3 Nc6 5. Nf3 Qb6 6. g3 g6 7. Bg2 Bg7 8. Bf4 Qxb2
9. Nbd2 Qxc3 10. Rc1 Qa5 11. Be3 cxd4 12. Nxd4 Nxe5 13. a4 Nd3+ 14. Ke2 Nxc1+
15. Qxc1 Qxa4 16. N4f3 Bd7 17. Rd1 e5 18. Kf1 d4 19. Bg5 h6 20. Nxe5 Bxe5 21.
Bf4 Bf6 22. Re1+ Ne7 23. Be5 Bxe5 24. Rxe5 f6 25. Re1 Kf7 26. Nc4 Bb5 27. Kg1
Qxc4 28. Qa3 Qc7 29. Qb3+ Qc4 30. Qf3 Nc6 31. Bf1 d3 32. h3 Rhe8 33. Rxe8 Rxe8
34. Kh2 Re1 35. Bg2 d2 36. h4 d1=Q 37. Qxd1 Rxd1 38. Kh3 Qe6+ 39. Kh2 Qa2 40.
Kh3 Qxf2 41. Bxc6 Bf1+ 42. Kg4 Qf5# 0-1

[Event "Pere Noel U1400"]
[Site "Montreal CAN"]
[Date "2023.12.29"]
[Round "3.70"]
[White "Hernandez, Douglas"]
[Black "Khabatou, Mohamed"]
[Result "0-1"]
[WhiteElo "1101"]
[BlackElo "891"]
[PlyCount "86"]
[EventDate "2023.12.27"]
[EventType "swiss"]
[EventRounds "5"]
[EventCountry "CAN"]

1. g3 e5 2. e4 Nf6 3. Bg2 Nc6 4. Ne2 d6 5. d4 Ne7 6. O-O Bd7 7. Nbc3 Ng6 8. h3
Be7 9. Bg5 h6 10. Be3 Qc8 11. dxe5 dxe5 12. a3 Bxh3 13. Qd3 Bxg2 14. Kxg2 Qg4
15. Rh1 h5 16. Nb5 O-O 17. f3 Qc8 18. Qc3 Ne8 19. Rxh5 a6 20. Na7 Qe6 21. Rah1
Nf6 22. Rf5 Rfd8 23. Ng1 Rd1 24. Qxc7 Rxa7 25. Qb8+ Bf8 26. Qxa7 Qc4 27. Nh3
Qe2+ 28. Nf2 Rxh1 29. Kxh1 Ne7 30. Rxf6 gxf6 31. Kg2 f5 32. Bb6 fxe4 33. fxe4
Ng6 34. Qxb7 Qh5 35. Bd8 Nf4+ 36. gxf4 exf4 37. Qxa6 f3+ 38. Kf1 Qh2 39. b4
Qg2+ 40. Ke1 Qg1+ 41. Qf1 Qg7 42. e5 Qxe5+ 43. Kd2 Bh6+ 0-1

[Event "Pere Noel U1400"]
[Site "Montreal CAN"]
[Date "2023.12.30"]
[Round "4.48"]
[White "Chen, Yuxuan"]
[Black "Wu, Kenny"]
[Result "1-0"]
[WhiteElo "1258"]
[BlackElo "1122"]
[PlyCount "63"]
[EventDate "2023.12.27"]
[EventType "swiss"]
[EventRounds "5"]
[EventCountry "CAN"]

1. d4 d5 2. c4 dxc4 3. Nc3 Nf6 4. e3 e6 5. Bxc4 c5 6. Nf3 a6 7. a4 Nbd7 8. O-O
Be7 9. Re1 O-O 10. b3 Nb6 11. Bd3 Qc7 12. Bb2 cxd4 13. Nxd4 Bb4 14. Rc1 Qe7 15.
e4 e5 16. Nf3 Rd8 17. Qe2 Nh5 18. g3 Bg4 19. Kg2 Rd6 20. h3 Bd7 21. Kh2 Rh6 22.
Rg1 Nf6 23. Nh4 g6 24. Qe3 Kg7 25. Qxb6 Bc5 26. Nd5 Nxd5 27. Qxc5 Qe6 28. Nf5+
gxf5 29. Qxd5 Rxh3+ 30. Kg2 Qh6 31. Qxe5+ Kg8 32. Qh8# 1-0